| 000 | 00350nam a2200109Ia 4500 | ||
|---|---|---|---|
| 008 | 230907s9999||||xx |||||||||||||| ||und|| | ||
| 082 |
_a660.29 _bJIA, |
||
| 245 | 0 | _aMaterials for catalysis in energy : | |
| 260 |
_aMaterials Research Society | Cambridge University Press, _bWarrendale, Pa. : | New York : _c2012 |
||
| 300 | _avii, 97 p. : | ||
| 942 | _cBK | ||
| 999 |
_c596290 _d596290 |
||